000 00353nam a2200145Ia 4500
008 150201s2009 xx 000 0 und d
082 _a615
_bB09K
100 _aKATZUNG, B.G.
245 _aBASIC AND CLINICAL PHARMACOLOGY
250 _a11TH
260 _bJAYPEE BROTHERS
_aDELHI
_c2009
300 _a1-1218
650 _aPHARMACOLOGY
942 _2ddc
_cBK
_08
999 _c172
_d172